Pre-Deployment Stress, Mental Health, and Help-Seeking Behaviors Among Marines (Record no. 352419)
[ view plain ]
| 000 -LEADER | |
|---|---|
| fixed length control field | 00814nam a2200133Ia 4500 |
| 008 - FIXED-LENGTH DATA ELEMENTS--GENERAL INFORMATION | |
| fixed length control field | 171212s9999 xx 000 0 und d |
| 020 ## - INTERNATIONAL STANDARD BOOK NUMBER | |
| International Standard Book Number | 9780833083821 |
| 100 ## - MAIN ENTRY--PERSONAL NAME | |
| Personal name | Farmer, Carrie M.;Vaughan, Christine Anne;Garnett, Jeffrey;Weinick, Robin M. |
| 245 ## - TITLE STATEMENT | |
| Statement of responsibility, etc | Farmer, Carrie M.;Vaughan, Christine Anne;Garnett, Jeffrey;Weinick, Robin M. |
| Title | Pre-Deployment Stress, Mental Health, and Help-Seeking Behaviors Among Marines |
| 260 ## - PUBLICATION, DISTRIBUTION, ETC. (IMPRINT) | |
| Name of publisher, distributor, etc | RAND Corporation |
| Date of publication, distribution, etc | 2014 |
| 650 ## - SUBJECT ADDED ENTRY--TOPICAL TERM | |
| Topical term or geographic name as entry element | Health Sciences |
| 650 ## - SUBJECT ADDED ENTRY--TOPICAL TERM | |
| Topical term or geographic name as entry element | Psychology, Military; United States. Marine Corps -- Mental health services; Marines -- Mental health services -- United States; Marines -- United States -- Psychology; Soldiers -- Mental health -- United States; Post-traumatic stress disorder -- United S |
| 856 ## - ELECTRONIC LOCATION AND ACCESS | |
| Uniform Resource Identifier | <a href="http://www.jstor.org/stable/10.7249/j.ctt1287mbb">http://www.jstor.org/stable/10.7249/j.ctt1287mbb</a> |
| Withdrawn status | Lost status | Damaged status | Home library | Current library | Date acquired | Total Checkouts | Full call number | Date last seen | Price effective from | Koha item type |
|---|---|---|---|---|---|---|---|---|---|---|
| College Library | College Library | 12/12/2017 | U22.3 | 12/12/2017 | 12/12/2017 | Curriculum - Based eBooks |